|
|
|
|
| LEADER |
00000nam a2200000 a 4500 |
| 001 |
vtls001412123 |
| 003 |
SK-MaSNL |
| 005 |
20260301162143.0 |
| 008 |
251124s2000 ES ae r y 0 spa |
| 020 |
|
|
|a 8428322414
|c [400,00]
|
| 035 |
|
|
|a SNK000366836
|
| 040 |
|
|
|a SNK
|b slo
|c SNK
|e AACR2
|
| 044 |
|
|
|a ES
|
| 080 |
|
|
|a 806.0-1(038)
|2 1981
|
| 100 |
1 |
|
|a Martínez de Sousa, José
|4 aut
|9 526217
|
| 245 |
1 |
0 |
|a Diccionario de ortografía de la lengua espanola
|c José Martínez de Sousa
|
| 250 |
|
|
|a 2. ed.
|
| 260 |
|
|
|a Madrid
|b Paraninfo
|c c2000
|
| 300 |
|
|
|a 376 s.
|c 24 cm
|
| 650 |
0 |
7 |
|a španielčina
|2 SNKPH
|9 1358
|
| 650 |
0 |
7 |
|a pravopis
|2 SNKPH
|9 868
|
| 655 |
|
7 |
|a slovníky
|2 SNKPH
|9 70413
|
| 919 |
|
|
|a 84-283-2241-4
|
| 999 |
|
|
|c 812204
|d 814134
|
| 952 |
|
|
|t P60, <04>, [BOOK], {604}
|a SNK
|b SNK
|y VYP
|7 0
|p 17A0298568
|o snkIC 129407
|i snkV 664/2001
|0 0
|1 0
|4 0
|d 2001-05-03
|l 0
|r 2005-01-02 00:00:00
|w 2026-02-24
|